Häufigste Schreibfehler mit E (Multiple Choice) - Statistiken

Allgemein
  • Dieses Quiz wurde 51 mal gespielt
  • Das Durchschnittsergebnis liegt bei 12 aus 14
Antwortstatistiken
Frage Antwort % Korrekt
Welche Schreibweise ist richtig? Elefant
96%
Welche Schreibweise ist richtig? Endpunkt
96%
Welche Schreibweise ist richtig? Emigrant
93%
Welche Schreibweise ist richtig? entbehren
93%
Welche Schreibweise ist richtig? Ergebnis
93%
Welche Schreibweise ist richtig? Endsumme
91%
Welche Schreibweise ist richtig? Entscheidung
91%
Welche Schreibweise ist richtig? Eiffelturm
87%
Welche Schreibweise ist richtig? Ekstase
83%
Welche Schreibweise ist richtig? endgültig
83%
Welche Schreibweise ist richtig? E-Mail
74%
Welche Schreibweise ist richtig? einzige
70%
Welche Schreibweise ist richtig? Einfaltspinsel
67%
Welche Schreibweise ist richtig? Entgelt
54%
Keine übereinstimmenden Quizze gefunden
Verteilung der Resultate
Anzahl Personen mit jedem Resultat
Perzentil nach korrekt beantworteten Fragen
Ihre Resultats-Entwicklung
Sie haben dieses Quiz noch nicht gespielt